| 000 | 01048nam a22002895a 4500 | ||
|---|---|---|---|
| 003 | EG-ScBUE | ||
| 005 | 20221211131442.0 | ||
| 008 | 190507q2018 ko a f 000 0 eng d | ||
| 020 | _a9791195826865 (set) | ||
| 020 | _a9781195826841 (vol. 1) | ||
| 020 | _a9781195826858 (vol. 2) | ||
| 040 |
_aEG-ScBUE _beng _erda _cEG-ScBUE _dEG-ScBUE |
||
| 041 | 1 |
_aeng _akor _hkor |
|
| 082 | 0 | 4 |
_a721.042 _bDIA _222 |
| 245 | 0 | 0 |
_aDiagram & Process : _barchitectural design thinking : the expression of diagram / _ctranslate by Jee Joohyun. |
| 246 | 3 |
_aDiagram and Process : _barchitectural design thinking : the expression of diagram |
|
| 264 | 1 |
_aSeoul, Korea : _bArchi-LAB Co., _c[2018?] |
|
| 300 |
_a2 volumes : _bcolor illustrations ; _c28 cm |
||
| 505 | 0 | _aVolume 1. Diagram -- Volume 2. Process. | |
| 546 | _aText in English ; translated from the original Korean. | ||
| 650 | 7 |
_aArchitectural design. _2BUEsh |
|
| 651 | _2BUEsh | ||
| 653 |
_bENGARC _cMay2019 |
||
| 655 | _vReading book | ||
| 700 | 1 |
_aJoohyun, Jee, _ttranslator. |
|
| 942 |
_2ddc _cBB |
||
| 999 |
_c27438 _d27409 |
||